|
|
|
|
| LEADER |
00837nam a22002292a 4500 |
| 001 |
000384350 |
| 003 |
CZ BrMZK |
| 005 |
20170908081617.0 |
| 007 |
ta |
| 008 |
010907s1972 xr f cze d |
| 015 |
|
|
|a cnb000435359
|
| 035 |
|
|
|a (OCoLC)42152289
|
| 040 |
|
|
|a BOA001
|b cze
|
| 100 |
1 |
|
|a Havlíková, Jaroslava
|7 mzk2015863729
|4 aut
|
| 245 |
1 |
0 |
|a Mostecká stávka :
|b literární pásmo ke 40. výročí /
|c Jaroslava Havlíková.
|
| 260 |
|
|
|a Ústí nad Labem :
|b Krajská knihovna M. Gorkého,
|c 1972
|
| 300 |
|
|
|a 13 s.
|
| 910 |
|
|
|a BOA001
|b PK-0067.395
|b X-0677.224
|
| 964 |
|
|
|a Most - stávky 1932 - oslavy
|
| 990 |
|
|
|a BK
|
| 996 |
6 |
|
|b 2618909829
|c X-0677.224
|l MZK
|r Sklad / do 24 hodin
|n 0
|w 000384350
|u 000020
|a 1
|e BOA001
|j MZK50
|s P
|
| 996 |
7 |
|
|b 3119815401
|c PK-0067.395
|l MZK
|r Sklad / do 1 hodiny
|n 0
|w 000384350
|u 000010
|a 1
|e BOA001
|j MZK50
|s A
|